Current Lieutenant Governors of the United States by Picture - Statistics

General Stats
  • This quiz has been taken 85 times
    4 since last reset
  • The average score is 24 of 45
Answer Stats
Picture Hint Answer % Correct
D-California Eleni Kounalakis
100%
D-Illinois Juliana Stratton
100%
R-Alaska Nancy Dahlstrom
100%
D-Minnesota Peggy Flanagan
100%
D-New York Antonia Delgado
75%
R-Texas Dan Patrick
75%
D-Virginia Ghazala Hashmi
75%
D-Kentucky Jacqueline Coleman
75%
R-South Carolina Pamela Evette
75%
D-Wisconsin Sara Rodriguez
75%
D-Hawaii Sylvia Luke
75%
D-Maryland Aruna Miller
50%
D-Pennsylvania Austin Davis
50%
R-Louisiana Billy Nungesser
50%
R-Georgia Burt Jones
50%
R-Iowa Chris Cournoyer
50%
D-New Jersey Dale Caldwell
50%
D-Kansas David Toland
50%
R-Utah Deidre Henderson
50%
D-Washington Denny Heck
50%
D-Colorado Dianne Primavera
50%
D-Michigan Garlin Gilchrist
50%
D-New Mexico Howie Morales
50%
R-Florida Jay Collins
50%
R-Ohio Jim Tressel
50%
R-Vermont John S. Rodgers
50%
D-Delaware Kyle Evans Gay
50%
R-Arkansas Leslie Rutledge
50%
R-Indiana Micah Beckwith
50%
D-North Carolina Rachel Hunt
50%
R-Tennessee Randy McNally
50%
R-West Virginia Randy Smith
50%
D-Rhode Island Sabina Matos
50%
R-Nevada Stavros Anthony
50%
R-Alabama Will Ainsworth
50%
R-Missouri David Wasinger
25%
R-Mississippi Delbert Hosemann
25%
R-Nebraska Joe Kelly
25%
D-Massachusetts Kim Driscoll
25%
R-Montana Kristen Juras
25%
R-Oklahoma Matt Pinnell
25%
R-North Dakota Michelle Strinden
25%
R-Idaho Scott Bedke
25%
D-Connecticut Susan Bysiewicz
25%
R-South Dakota Tony Venhuizen
25%
No matching quizzes found
Score Distribution
Percent of People with Each Score
Percentile by Number Answered
Your Score History
You have not taken this quiz since the last reset